Every CRK Obtainable Character - Statistics

General Stats
  • This quiz has been taken 48 times
    34 since last reset
  • The average score is 62 of 198
Answer Stats
Rarity ______ Cookie % Correct
Common Gingerbrave
96%
Wizard
96%
Strawberry
83%
Beast Eternal Sugar
78%
Shadow Milk
78%
Silent Salt
78%
Angel
74%
Dark Cacao
74%
Hollyberry
74%
Mystic Flour
74%
Ancient Pure Vanilla
74%
White Lily
74%
Burning Spice
70%
Golden Cheese
70%
Muscle
70%
Wind Archer
70%
Millennial Tree
61%
Legendary Moonlight
61%
Ninja
61%
Black Pearl
57%
Stormbringer
57%
V
57%
Frost Queen
52%
Princess
52%
Snapdragon
52%
Beet
48%
Rare Blackberry
48%
Clover
48%
Dark Choco
48%
Devil
48%
Fire Spirit
48%
Knight
48%
Sea Fairy
48%
Carrot
43%
Onion
43%
Oyster
43%
Dragon Pitaya Dragon
43%
SUGA
43%
Adventurer
39%
Alchemist
39%
Candy Apple
39%
Cherry
39%
Clotted Cream
39%
Cream Ferret
39%
Espresso
39%
Latte
39%
Marshmallow Bunny
39%
Sonic
39%
Tails
39%
Vampire
39%
Black Sapphire
35%
Capsaicin
35%
Caramel Arrow
35%
Cream Puff
35%
Icicle Yeti
35%
Jagae
35%
Lemon
35%
Matcha
35%
Menthol
35%
Mickey
35%
Mozzarella
35%
Pomegranate
35%
Sherbet
35%
Shining Glitter
35%
Strawberry Crepe
35%
Affogato
30%
Agar Agar
30%
Avocado
30%
Charcoal
30%
Cinderella
30%
Elder Faerie
30%
Elphaba
30%
Financier
30%
Glinda
30%
Goofy
30%
Herb
30%
Jimin
30%
Jin
30%
Jung Kook
30%
Licorice
30%
Manju
30%
Milk
30%
Minnie
30%
Orange
30%
Pancake
30%
Pavlova
30%
Poison Mushroom
30%
Prune Juice
30%
Red Velvet
30%
RM
30%
Seltzer
30%
Smoked Cheese
30%
Stardust
30%
Sugarfly
30%
Tiger Lily
30%
Black Forest
26%
Black Lemonade
26%
Burnt Cheese
26%
Butter Roll
26%
Creme Brulee
26%
Crunchy Chip
26%
Donald
26%
Frilled Jellyfish
26%
Grapefruit
26%
Gumball
26%
Special J-Hope
26%
Lilo
26%
Lime
26%
Madeline
26%
Milky Way
26%
Olive
26%
Peppermint
26%
Purple Yam
26%
Salt Cellar
26%
Snow White
26%
Sparkling
26%
Street Urchin
26%
Tinker Bell
26%
Twizzly Gummy
26%
Wildberry
26%
Almond
22%
Guest Aurora
22%
Belle
22%
Black Raisin
22%
Blueberry Pie
22%
Captain Caviar
22%
Cherry Blossom
22%
Cloud Haetae
22%
Cotton
22%
Cream Unicorn
22%
Crimson Coral
22%
Fig
22%
Linzer
22%
Mango
22%
Mercurial Knight
22%
Mint Choco
22%
Nutmeg Tiger
22%
Parfait
22%
Peach Blossom
22%
Peter Pan
22%
Raspberry
22%
Rockstar
22%
Silverbell
22%
Sorbet Shark
22%
Star Coral
22%
Stitch
22%
Wedding Cake
22%
Ariel
17%
Candy Diver
17%
Caramel Choux
17%
Carol
17%
Chess Choco
17%
Cocoa
17%
Daisy
17%
Epic Eclair
17%
Golden Osmanthus
17%
Green Tea Mousse
17%
Jasmine
17%
Macaron
17%
Moon Rabbit
17%
Mulan
17%
Mystic Opal
17%
Pastry
17%
Pinecone
17%
Pocahontas
17%
Prophet
17%
Pudding a la Mode
17%
Pumpkin Pie
17%
Rainbow Sherbet
17%
Rebel
17%
Red Osmanthus
17%
Royal Margarine
17%
Rye
17%
Squid Ink
17%
Tea Knight
17%
Werewolf
17%
Witchberry
17%
Alice
13%
Aquamarine
13%
Beast
13%
Choco Drizzle
13%
Gold Citrine
13%
Kouign-Amann
13%
Kumiho
13%
Lilac
13%
Mala Sauce
13%
Okchun
13%
Snow Sugar
13%
Twisted Donut
13%
Young Kulfi
13%
Aladin
9%
Super Epic Camelia
9%
Space Donut
9%
Doughel
4%
Caramel Brulee
0%
Fettucini
0%
Schwartzwalder
0%
Tart Tatin
0%
No matching quizzes found
Score Distribution
Percent of People with Each Score
Percentile by Number Answered
Your Score History
You have not taken this quiz since the last reset